FORESTRY in Malaysia

Bibliographic Details
Corporate Author: Malaysia
Format: Book
Published: [Kuala Lumpur] : Kementerian Perusahaan Utama , [l989]
Subjects:

MARC

LEADER 00000cam a2200000 7i4500
001 0000000453
005 20040225.0
090 0 0 |a 634.909595   |b FOR [1989] 
245 0 0 |a FORESTRY in Malaysia 
260 0 0 |a [Kuala Lumpur] :   |b Kementerian Perusahaan Utama ,   |c [l989] 
300 |a 67 p. :   |b col. ill., maps ;   |c 30 cm. 
650 0 0 |a Forest conservation   |z Malaysia 
650 0 0 |a Forest management   |z Malaysia 
650 0 0 |a Forests and forestry   |z Malaysia 
710 1 1 |a Malaysia ,   |c Kementerian Perusahaan Utama 
998 |a JPSM 
999 |a 0000001713   |b Monograph   |c Open Shelf   |e Default branch 
999 |a 0000001714   |b Monograph   |c Open Shelf   |e Default branch 
999 |a 0000002563   |b Monograph   |c Open Shelf   |e Default branch 
999 |a 0000003597   |b Monograph   |c Open Shelf   |e Default branch 
999 |a 0000003600   |b Monograph   |c Open Shelf   |e Default branch 
999 |a 0000003601   |b Monograph   |c Open Shelf   |e Default branch